[Event "Titled Tuesday intern op 12th May"]
[Site "Chess.com INT"]
[Date "2020.05.12"]
[Round "1"]
[White "Kobo, Ori"]
[Black "Kuba, Vanya"]
[Result "1-0"]
[WhiteElo "2449"]
[BlackElo "2403"]
[PlyCount "83"]
[EventDate "2020.05.12"]
[EventType "swiss (blitz)"]
[EventRounds "10"]
[EventCountry "USA"]
[SourceTitle "EXT 2021"]
[Source "ChessBase"]
[SourceDate "2020.10.23"]
[SourceVersion "1"]
[SourceVersionDate "2020.10.23"]
[SourceQuality "1"]

1. e4 d5 2. exd5 Qxd5 3. Nc3 Qa5 4. Bc4 Nf6 5. d3 Bg4 6. f3 Bd7 7. Bd2 Qb6 8. Qe2 e6 9. 0-0-0 Nc6 10. Be3 Nd4 11. Qf2 c5 12. Nge2 Nxe2+ 13. Qxe2 Qa5 14. Kb1 b5 15. Bb3 Be7 16. g4 b4 17. Ne4 Bc6 18. h4 Nd5 19. Bd2 0-0-0 20. Ng5 Be8 21. f4 h6 22. Nf3 Qc7 23. Ne5 a5 24. Rhe1 a4 25. Bc4 Kb8 26. h5 Ka8 27. Ka1 Bf6 28. Qe4 Ka7 29. d4 Be7 30. f5 Nb6 31. dxc5 Bxc5 32. fxe6 fxe6 33. Bxe6 Bb5 34. Nf7 Rhe8 35. Nxd8 Rxd8 36. Bxb4 Bxb4 37. Qxb4 Rxd1+ 38. Rxd1 Be8 39. Qa5+ Kb8 40. Bf5 Bc6 41. Qb4 Ka7 42. a3 1-0

[Event "Titled Tuesday intern op 5th May"]
[Site "Chess.com INT"]
[Date "2020.05.05"]
[Round "2"]
[White "Kamsky, Gata"]
[Black "Kuba, Vanya"]
[Result "1-0"]
[WhiteElo "2674"]
[BlackElo "2435"]
[PlyCount "65"]
[EventDate "2020.05.05"]
[EventType "swiss (blitz)"]
[EventRounds "10"]
[EventCountry "USA"]
[SourceTitle "EXT 2021"]
[Source "ChessBase"]
[SourceDate "2020.10.23"]
[SourceVersion "1"]
[SourceVersionDate "2020.10.23"]
[SourceQuality "1"]

1. d4 d5 2. Nf3 c5 3. dxc5 e6 4. c4 Bxc5 5. cxd5 exd5 6. Nc3 Nf6 7. Bg5 Be6 8. e3 0-0 9. Be2 Nc6 10. 0-0 h6 11. Bh4 g5 12. Bg3 Ne4 13. Rc1 Be7 14. Nb5 Nxg3 15. hxg3 Bf6 16. Nfd4 Nxd4 17. Nxd4 Qb6 18. Nxe6 fxe6 19. Qd3 Kg7 20. Bh5 Kh8 21. b3 Rac8 22. Qg6 Bg7 23. Rxc8 Rxc8 24. Bg4 Rf8 25. Rd1 Rf6 26. Qe8+ Kh7 27. Be2 Rf8 28. Bd3+ Kg8 29. Qg6 Rf6 30. Qh7+ Kf8 31. Rc1 Qd8 32. Rc2 e5 33. Bf5 1-0

[Event "Titled Tuesday intern op 5th May"]
[Site "Chess.com INT"]
[Date "2020.05.05"]
[Round "4"]
[White "Khanin, Semen"]
[Black "Kuba, Vanya"]
[Result "1-0"]
[WhiteElo "2482"]
[BlackElo "2435"]
[PlyCount "89"]
[EventDate "2020.05.05"]
[EventType "swiss (blitz)"]
[EventRounds "10"]
[EventCountry "USA"]
[SourceTitle "EXT 2021"]
[Source "ChessBase"]
[SourceDate "2020.10.23"]
[SourceVersion "1"]
[SourceVersionDate "2020.10.23"]
[SourceQuality "1"]

1. d4 d5 2. Nf3 c5 3. c4 e6 4. cxd5 exd5 5. Nc3 Nc6 6. g3 Nf6 7. Bg2 c4 8. 0-0 Be7 9. Ne5 0-0 10. b3 Bb4 11. Bb2 Qa5 12. Rc1 cxb3 13. axb3 Be6 14. Na4 Rac8 15. Nxc6 Rxc6 16. Rxc6 bxc6 17. Qc2 Rc8 18. Ra1 Qc7 19. Nc5 a5 20. Bc1 Qa7 21. Bf4 Bg4 22. e3 Bh5 23. Qf5 Bg4 24. Qc2 Bh5 25. Bh3 Bg6 26. Bf5 Bxf5 27. Qxf5 Re8 28. Nd3 Be7 29. Ne5 Qb7 30. Qd3 Ne4 31. Rxa5 f6 32. Nf3 g5 33. Nxg5 fxg5 34. Be5 Bf8 35. f3 Nd6 36. Ra1 Nb5 37. Qf5 Qe7 38. Rc1 Na7 39. Qg4 Bg7 40. f4 Bxe5 41. dxe5 Nb5 42. h4 h6 43. Rxc6 d4 44. Rxh6 Qg7 45. Qh5 1-0

[Event "Titled Tuesday intern op 28th Apr"]
[Site "Chess.com INT"]
[Date "2020.04.28"]
[Round "4"]
[White "Kuba, Vanya"]
[Black "Idnani, Roshan R"]
[Result "1-0"]
[WhiteElo "2408"]
[BlackElo "2081"]
[PlyCount "35"]
[EventDate "2020.04.28"]
[EventType "swiss (blitz)"]
[EventRounds "10"]
[EventCountry "USA"]
[SourceTitle "EXT 2021"]
[Source "ChessBase"]
[SourceDate "2020.10.23"]
[SourceVersion "1"]
[SourceVersionDate "2020.10.23"]
[SourceQuality "1"]

1. e4 c6 2. d4 d5 3. exd5 cxd5 4. c4 Nf6 5. Nc3 Nc6 6. Bg5 dxc4 7. d5 Ne5 8. Qd4 Nd3+ 9. Bxd3 cxd3 10. Nf3 h6 11. Bxf6 exf6 12. 0-0-0 Be7 13. Qxd3 f5 14. d6 Bf6 15. Rhe1+ Kf8 16. d7 Bxc3 17. Qd6+ Kg8 18. Re8+ 1-0

[Event "Titled Tuesday intern op 5th Nov"]
[Site "Chess.com INT"]
[Date "2019.11.05"]
[Round "8"]
[White "Inhei, Ho"]
[Black "Kuba, Vanya"]
[Result "0-1"]
[WhiteElo "1995"]
[BlackElo "2394"]
[PlyCount "168"]
[EventDate "2019.11.05"]
[EventType "swiss (blitz)"]
[EventRounds "10"]
[EventCountry "USA"]
[SourceTitle "EXT 2021"]
[Source "ChessBase"]
[SourceDate "2020.10.23"]
[SourceVersion "1"]
[SourceVersionDate "2020.10.23"]
[SourceQuality "1"]

1. e4 d5 2. exd5 Qxd5 3. d4 e5 4. dxe5 Qxd1+ 5. Kxd1 Nc6 6. f4 Bf5 7. Be3 0-0-0+ 8. Kc1 f6 9. Nf3 Nge7 10. exf6 Nd5 11. Bd2 gxf6 12. Bb5 Bc5 13. Re1 Rhg8 14. Nh4 Bd7 15. Nc3 Ndb4 16. a3 Nxc2 17. Bxc6 Nxa1 18. Bd5 Rg4 19. g3 c6 20. Ba2 Kc7 21. f5 Re8 22. Bf4+ Bd6 23. Bxd6+ Kxd6 24. Rxe8 Bxe8 25. Kb1 Rd4 26. Kxa1 Bd7 27. Kb1 c5 28. Kc2 Ke7 29. Nd5+ Kd6 30. Nf4 b5 31. Kc3 Re4 32. Bb1 Re5 33. Bd3 a5 34. Nh5 b4+ 35. axb4 cxb4+ 36. Kc2 Ke7 37. h3 Rc5+ 38. Kd2 a4 39. g4 a3 40. bxa3 bxa3 41. Bb1 Rb5 42. Kc2 Rb2+ 43. Kc1 Rh2 44. Nf3 Rxh3 45. Nd4 Rh1+ 46. Kc2 Rg1 47. Nf4 Rxg4 48. Nfe6 Bxe6 49. Nxe6 h5 50. Kb3 Rg3+ 51. Ka2 h4 52. Be4 h3 53. Nf4 h2 54. Nh5 Rh3 55. Nf4 h1Q 56. Bxh1 Rxh1 57. Kxa3 Rf1 58. Nd5+ Kf7 59. Kb4 Rxf5 60. Ne3 Rf4+ 61. Kc3 Rf3 62. Kd4 Rf4+ 63. Kd3 Ra4 64. Ke2 Ke6 65. Kf3 f5 66. Ng2 Re4 67. Nf4+ Ke5 68. Ng6+ Kd4 69. Nf4 Ke5 70. Ng6+ Kf6 71. Nf4 Kg5 72. Nh3+ Kh4 73. Nf4 Ra4 74. Ng2+ Kg5 75. Ne3 Ra3 76. Kf2 f4 77. Ng2 Ra2+ 78. Kf3 Ra3+ 79. Kf2 Kg4 80. Ne1 Ra2+ 81. Kf1 Kg3 82. Nd3 Ra1+ 83. Ne1 Rxe1+ 84. Kxe1 Kg2 0-1

[Event "Titled Tuesday intern op 5th Nov"]
[Site "Chess.com INT"]
[Date "2019.11.05"]
[Round "3"]
[White "Kashefi, Amir Hossein"]
[Black "Kuba, Vanya"]
[Result "0-1"]
[WhiteElo "2225"]
[BlackElo "2401"]
[PlyCount "32"]
[EventDate "2019.11.05"]
[EventType "swiss (blitz)"]
[EventRounds "10"]
[EventCountry "USA"]
[SourceTitle "EXT 2021"]
[Source "ChessBase"]
[SourceDate "2020.10.23"]
[SourceVersion "1"]
[SourceVersionDate "2020.10.23"]
[SourceQuality "1"]

1. e4 d5 2. exd5 Qxd5 3. Nc3 Qa5 4. b4 Qxb4 5. Rb1 Qd6 6. Bc4 Nf6 7. Nge2 a6 8. 0-0 b5 9. Bb3 e6 10. a4 b4 11. Na2 c5 12. d3 Bb7 13. Bf4 Qc6 14. f3 Nbd7 15. Re1 Bd6 16. Bg3 h5 0-1

[Event "Titled Tuesday intern op 5th Nov"]
[Site "Chess.com INT"]
[Date "2019.11.05"]
[Round "2"]
[White "Kuba, Vanya"]
[Black "Sjugirov, Sanan"]
[Result "0-1"]
[WhiteElo "2397"]
[BlackElo "2657"]
[PlyCount "82"]
[EventDate "2019.11.05"]
[EventType "swiss (blitz)"]
[EventRounds "10"]
[EventCountry "USA"]
[SourceTitle "EXT 2021"]
[Source "ChessBase"]
[SourceDate "2020.10.23"]
[SourceVersion "1"]
[SourceVersionDate "2020.10.23"]
[SourceQuality "1"]

1. e4 g6 2. d4 Bg7 3. Nc3 d6 4. f4 a6 5. a4 Nd7 6. Nf3 c5 7. Be2 cxd4 8. Nxd4 Ngf6 9. 0-0 0-0 10. Kh1 Qc7 11. a5 b5 12. axb6 Nxb6 13. Bf3 Bb7 14. Re1 Rfd8 15. Nb3 d5 16. e5 Ne4 17. Bxe4 dxe4 18. Qe2 Rac8 19. Na5 Ba8 20. Be3 Nd5 21. Nxd5 Rxd5 22. Qxa6 g5 23. c4 Rd3 24. Bb6 Qd7 25. Qb5 Qg4 26. Rg1 e3 27. c5 Be4 28. Qc4 Bxg2+ 29. Rxg2 Rd1+ 30. Rxd1 Qxd1+ 31. Rg1 e2 32. c6 e1Q 33. Rxe1 Qxe1+ 34. Kg2 gxf4 35. e6 fxe6 36. c7 f3+ 37. Kh3 Kh8 38. Nc6 f2 39. Bxf2 Qxf2 40. Qxe6 Qf3+ 41. Kh4 Bf6+ 0-1

[Event "Titled Tuesday intern op 3rd Sept"]
[Site "Chess.com INT"]
[Date "2019.09.03"]
[Round "3"]
[White "Kuba, Vanya"]
[Black "Sailer, Mike L"]
[Result "1-0"]
[WhiteElo "2362"]
[BlackElo "2141"]
[PlyCount "49"]
[EventDate "2019.09.03"]
[EventType "swiss (blitz)"]
[EventRounds "10"]
[EventCountry "USA"]
[SourceTitle "EXT 2021"]
[Source "ChessBase"]
[SourceDate "2020.10.23"]
[SourceVersion "1"]
[SourceVersionDate "2020.10.23"]
[SourceQuality "1"]

1. e4 d5 2. exd5 Qxd5 3. Nc3 Qd6 4. d4 Nf6 5. Be3 c6 6. Qd2 Bg4 7. f3 Bf5 8. Nge2 e6 9. Nf4 h6 10. 0-0-0 Nbd7 11. g4 Bh7 12. h4 g5 13. hxg5 hxg5 14. Nd3 0-0-0 15. Ne5 Nxe5 16. dxe5 Qxd2+ 17. Rxd2 Rxd2 18. Bxd2 Nd7 19. Bd3 f5 20. exf6 Nxf6 21. Bxg5 Bg7 22. Bxf6 Bxf6 23. Rxh7 Bg5+ 24. Kd1 Rf8 25. Ke2 1-0

[Event "Titled Tuesday intern op 3rd Sept"]
[Site "Chess.com INT"]
[Date "2019.09.03"]
[Round "4"]
[White "Wiewiora, Eneasz"]
[Black "Kuba, Vanya"]
[Result "1-0"]
[WhiteElo "2298"]
[BlackElo "2357"]
[PlyCount "81"]
[EventDate "2019.09.03"]
[EventType "swiss (blitz)"]
[EventRounds "10"]
[EventCountry "USA"]
[SourceTitle "EXT 2021"]
[Source "ChessBase"]
[SourceDate "2020.10.23"]
[SourceVersion "1"]
[SourceVersionDate "2020.10.23"]
[SourceQuality "1"]

1. e4 d5 2. exd5 Qxd5 3. Nc3 Qa5 4. d4 Nf6 5. Bc4 Nc6 6. a3 Bg4 7. f3 Be6 8. Bxe6 fxe6 9. Be3 0-0-0 10. Qe2 e5 11. dxe5 Qxe5 12. Nh3 h6 13. Nf4 Qf5 14. Nd3 e5 15. 0-0-0 Nd4 16. Bxd4 exd4 17. Ne4 Nxe4 18. fxe4 Qg5+ 19. Kb1 Be7 20. e5 Rhf8 21. Rhf1 h5 22. Qe4 c5 23. b3 c4 24. bxc4 Bxa3 25. c5 Qe7 26. Rxf8 Qxf8 27. c6 Qe7 28. Ka2 b5 29. Rf1 b4 30. e6 Rd6 31. Nc5 b3+ 32. Nxb3 Rxe6 33. Qf5 g6 34. Qb5 Re5 35. Qa6+ Kd8 36. Qxa3 Qxa3+ 37. Kxa3 Re2 38. Nxd4 Rxg2 39. Rf7 Rxh2 40. Ne6+ Kc8 41. Rf8# 1-0